Kosovo Country Quiz - Statistics

General Stats
  • This quiz has been taken 1,726 times
  • The average score is 14 of 20
Answer Stats
Hint Answer % Correct
Bordering countries Serbia
98%
Bordering countries Albania
97%
95.6% of Kosovo's population are followers of this religion - highest % in Europe Islam
96%
Bordering countries North Macedonia
96%
Bordering countries Montenegro
95%
Kosovo was part of this empire between 1455-1912 Ottoman Empire
94%
Capital of Kosovo Pristina
92%
Country Kosovo was part of until 1991 Yugoslavia
92%
Major peninsula on which Kosovo is situated Balkans
88%
Currency used in Kosovo Euro
85%
Only European country that is poorer than Kosovo Moldova
82%
Kosovo was under the administration of this international body between 1999-2008 United Nations
81%
British-Kosovar singer of "New Rules" and "IDGAF" Dua Lipa
60%
U.S. president for whom Kosovo has built a statue in its capital Bill Clinton
58%
The six stars on the flag represent the six major ____ _____ that live in the country Ethnic Groups
48%
Metal that makes most of the exports of Kosovo Iron
46%
At 29.1 years, Kosovo has the lowest _____ ___ in Europe Median Age
24%
Meaning of Kosovo's name Field of {Black}birds
21%
National anthem of Kosovo hint: where it is Europe
19%
As of 2020, Kosovo is recognized by 115 UN members as an independent state. This country was the first to do so Costa Rica
13%
No matching quizzes found
Score Distribution
Percent of People with Each Score
Percentile by Number Answered
Your Score History
You have not taken this quiz